00481 2200181 4500001002100000005001500021008004100036020001800077035001900095041000700114082001000121090001600131100001700147245005500164260002600219300003200245650002200277INLIS00000000000860820241224113658241224||||||||| | ||| |||| || |  a979-24-5656-2 0010-1224008608 aid0 a633.3 a633.3 NEN p0 aNeni Suhaeni00aPetunjuk Praktis Menanam Kacang Panjang dan Buncis aBandungbJembarc2007 a21x14,5 cm, 52 hlm.; ilus.: 0aIlmu-ilmu terapan